000 00477nam a22001937a 4500
003 MPLRDC
005 20220104183425.0
008 210129b ||||| |||| 00| 0 eng d
020 _a986-80592-1-6
082 _a855 HXL
100 _a胡湘玲
245 _a不只是盖房子
_c
250 _a初版
260 _a台湾
_b野人文化股份有限公司
_c2004
300 _b
490 _a野人家: 5
650 _a散文;随笔、日记
942 _cBK
_o855 HXL
999 _c62401
_d62391